| 000 | 00633cam2a220016900 4500 | ||
|---|---|---|---|
| 001 | zam00000320 | ||
| 035 | _a(Sirsi) r17847 | ||
| 050 | _aSB 951 VAN 1992 | ||
| 008 | 951128s1992 xx eng u | ||
| 245 | 0 | 0 | _aManaging pests and pesticides in small scale agriculture. |
| 260 |
_aAmsterdam : _bInzet, _c1992. |
||
| 504 | _aIncludes bibliographical references. | ||
| 650 |
_aPesticides -- Controlled release. _xPesticides -- Controlled release. _6S56712.1 |
||
| 650 |
_aPests -- Control. _xPests -- Control. _6S7282.1 |
||
| 700 |
_aF. H. J. Van Schoubroeck et al. _6A76291.1 |
||
| 700 |
_aVan Schoubroek, F. H. J. _6A76292.1 |
||
| 999 |
_c162854 _d162854 |
||